[Event "BL Meisterschaftsturnier 2020"]
[Site "Karlsruhe"]
[Date "2020.09.18"]
[Round "4.6"]
[White "Adams, Michael"]
[Black "Smeets, Jan"]
[Result "1-0"]
[WhiteElo "2706"]
[BlackElo "2585"]
[Annotator "TA"]
[PlyCount "59"]
[EventDate "2020.09.16"]
[EventType "team-tourn"]
[EventCountry "GER"]
[SourceTitle "playchess.com"]
[Source "ChessBase"]
[SourceQuality "1"]
[WhiteTeam "Baden-Baden"]
[BlackTeam "Solingen"]

{[%evp 15,59,26,18,11,14,15,15,3,11,21,10,16,12,1,14,5,13,9,13,0,16,0,19,0,55,60,69,27,31,61,167,149,200,195,318,304,275,122,112,111,496,493,492,489,481,473]} 1. e4 e5 2. Nf3 Nf6 3. Nxe5 d6 4. Nf3 Nxe4 5. d4 d5 6. Bd3 Bd6 7. O-O O-O 8. Re1 Bf5 9. Nc3 {C42: Petroff Defence: 3 Nxe5 and unusual White 3rd moves.} Nxc3 10. bxc3 Bxd3 11. cxd3 {[#] The position is equal.} Re8 $146 ({Predecessor:} 11... c6 12. c4 Bc7 13. Qb3 b6 14. Ba3 dxc4 15. dxc4 Re8 16. Rxe8+ Qxe8 17. Re1 Qd7 {0-1 (48) De la Fuente Gonzalez,C-Vazquez Gomez,L Oropesa del Mar 2001}) 12. Rxe8+ Qxe8 13. Qb3 Qc6 14. c4 {Strongly threatening c5.} Nd7 15. a4 {[%cal Ba2a4,Ba4a5,Ba5a6][%mdl 32]} Qb6 16. Qa2 {[#] Black must now prevent c5.} Qc6 17. a5 h6 18. h3 Re8 19. Be3 Nf6 (19... b5 $11) 20. c5 $14 Be7 21. a6 {Hoping for axb7.} b6 $1 {[%cal Rb6c5]} 22. Rc1 Qa8 ({Better is} 22... Rb8 $14) 23. Bf4 $18 Rc8 {[#]} (23... Bd8 $16 {might work better.}) 24. Qa4 $1 c6 (24... Bd8 $142 25. Ne5 Rb8) 25. cxb6 axb6 26. Ne5 (26. a7 $18 {and White stays clearly on top.}) 26... b5 $16 27. Qa2 Bd8 $2 {[%mdl 8192]} (27... Rc7 $16 {is more resistant.}) 28. a7 $18 {White is clearly winning.} Bb6 29. Qa6 Bxa7 30. Nxc6 {Accuracy: White = 82%, Black = 54%.} 1-0

[Event "BL Meisterschaftsturnier 2020"]
[Site "Karlsruhe"]
[Date "2020.09.18"]
[Round "4.6"]
[White "Kollars, Dmitrij"]
[Black "Meessen, Rudolf"]
[Result "1-0"]
[WhiteElo "2585"]
[BlackElo "2234"]
[Annotator "TA"]
[PlyCount "85"]
[EventDate "2020.09.16"]
[EventType "team-tourn"]
[EventCountry "GER"]
[SourceTitle "playchess.com"]
[Source "ChessBase"]
[SourceQuality "1"]
[WhiteTeam "Deizisau"]
[BlackTeam "Aachen"]

{[%evp 12,85,45,41,50,35,43,30,49,42,55,47,77,64,89,75,59,61,88,71,63,26,101,102,100,87,124,66,81,91,95,71,194,189,221,230,226,187,223,214,306,281,371,367,476,445,468,421,441,441,662,658,630,518,812,801,810,831,825,821,803,790,859,800,859,859,847,838,833,825,1218,1206,1104,1086,1008,999]} 1. e4 g6 2. d4 Bg7 3. Nf3 d6 4. Bc4 e6 5. O-O a6 6. a4 b6 7. Nc3 Nd7 {B06: Modern Defence.} 8. Bf4 Bb7 9. Qd2 Ne7 {White has an edge.} 10. Bh6 O-O 11. Rfe1 {[#]} Qc8 $146 ({Predecessor:} 11... Nf6 12. Bxg7 Kxg7 13. Qf4 d5 14. exd5 Nexd5 15. Nxd5 Bxd5 16. Bxd5 Nxd5 17. Qg3 c5 18. dxc5 bxc5 {½-½ (55) Chen,M (2070)-Demchenko,S (2135) Kingston 2019}) 12. Rad1 Re8 13. h4 d5 14. Bxg7 Kxg7 15. Bd3 c5 16. e5 c4 (16... Qb8 $11) 17. Bf1 $16 Bc6 18. h5 Ng8 19. Qf4 (19. g3 $16) 19... b5 20. Re3 $40 {[%mdl 128] Ng5 is the strong threat. White goes for the king.} h6 21. Qg4 b4 {[#] Now Black is done in.} (21... Nf8 $16) 22. Ne2 $1 $18 Qd8 {intending ...g5.} 23. hxg6 fxg6 24. Nf4 {[%mdl 64] Double Attack} Nf8 25. b3 Ra7 (25... g5 {keeps fighting.} 26. bxc4 Bxa4) 26. bxc4 Bxa4 27. Bd3 dxc4 28. Bxg6 {White is clearly winning.} Nxg6 29. Qxg6+ Kh8 30. Nxe6 Bxc2 (30... Rxe6 $142 31. Qxe6 Bxc2) 31. Qxc2 ({Weaker is} 31. Nxd8 Bxg6 32. Nc6 Rb7 $16) 31... Rxe6 32. Qxc4 Rb6 (32... Rg6 $142 33. d5 Rag7) 33. d5 Rab7 34. Qb3 a5 35. d6 Rg7 36. Red3 Qa8 37. Qd5 Rb8 38. d7 Qxd5 39. Rxd5 Rd8 40. e6 a4 41. Ne5 Ne7 42. Rb5 b3 43. Rd4 {Accuracy: White = 93%, Black = 42%.} 1-0

[Event "BL Meisterschaftsturnier 2020"]
[Site "Karlsruhe"]
[Date "2020.09.18"]
[Round "4.7"]
[White "Nikolic, Predrag"]
[Black "Vallejo Pons, Francisco"]
[Result "0-1"]
[WhiteElo "2562"]
[BlackElo "2710"]
[Annotator "TA"]
[PlyCount "86"]
[EventDate "2020.09.16"]
[EventType "team-tourn"]
[EventCountry "GER"]
[SourceTitle "playchess.com"]
[Source "ChessBase"]
[SourceQuality "1"]
[WhiteTeam "Solingen"]
[BlackTeam "Baden-Baden"]

{[%evp 10,86,0,0,-2,-45,-54,-45,-3,-8,-19,-11,-5,-3,0,-2,0,-2,0,0,0,0,7,-1,-9,-37,0,-33,-37,-43,-42,-39,-35,-33,-30,-131,-90,-95,-96,-112,-106,-117,-123,-159,-148,-164,-118,-179,-180,-205,-205,-298,-304,-320,-313,-315,-307,-308,-288,-300,-296,-318,-311,-333,-339,-390,-381,-466,-385,-458,-455,-451,-451,-730,-703,-787,-765,-693,-715]} 1. d4 g6 2. Nf3 Bg7 3. g3 c5 4. Bg2 cxd4 5. Nxd4 Nc6 6. Nb3 d6 {A04: Unusual lines after 1 Nf3 and King's Indian Attack.} 7. c4 Be6 8. c5 dxc5 {With the idea ...Qxd1+.Black is slightly better.} 9. Bxc6+ bxc6 10. Qxd8+ Rxd8 11. Nxc5 Bh3 12. Nc3 {[%cal Bb1c3,Bc3d1,Bd1e3][%mdl 32] [#]} Nh6 $146 ({Predecessor:} 12... Nf6 13. Bd2 Ng4 14. Nd3 Bd4 15. Nd1 Bg2 16. Rg1 Be4 17. h3 Bxd3 18. hxg4 Bc2 {½-½ (45) Bauza,A (2255)-Rodriguez,A (2315) Argentina 1991}) 13. Bd2 O-O 14. Rc1 Ng4 15. Nd1 Bd4 16. Nb3 Bb6 17. Ne3 Ne5 18. Nc5 Rd4 19. Nb3 Ra4 $36 {[%mdl 2048] Black is more active.} 20. a3 Rb8 {[#] Hoping for ...Bxe3.} 21. Bb4 a5 22. Bc5 (22. Nc5 $1 $11 {keeps the balance.}) 22... Nd7 {Strongly threatening ...Bxc5.} 23. Bxb6 Rxb6 24. Rc3 {[#]} Be6 $1 {[%cal Re6b3]} 25. Nc1 Rxb2 26. O-O c5 27. Nd3 Rb3 ({Don't do} 27... Rxe2 28. Nf4 $17) 28. Rc2 (28. Rxb3 $17 {was necessary.} Bxb3 29. Ra1) 28... Rbxa3 $19 29. Rfc1 Ra2 30. Rc3 (30. Nxc5 $142 Nxc5 31. Rxa2 Rxa2 32. Rxc5) 30... Rxe2 31. Nf4 Rd2 32. Nxe6 fxe6 33. Nc4 Rd5 34. Rb3 Rd4 35. Ne3 Rab4 36. Ra3 a4 {[%cal Ba5a4,Ba4a3][%mdl 32]} 37. Rcc3 e5 38. Nc2 Kg7 39. Ra2 Rb3 {Black is clearly winning.} 40. Nxd4 Rxc3 41. Nc6 (41. Ne2 $142 Rc4 42. Ra3) 41... a3 42. Kf1 Nb6 43. Nxe5 Nd5 {Accuracy: White = 53%, Black = 87%.} 0-1

[Event "BL Meisterschaftsturnier 2020"]
[Site "Karlsruhe"]
[Date "2020.09.18"]
[Round "4.7"]
[White "Coenen, Norbert"]
[Black "Kozul, Zdenko"]
[Result "*"]
[WhiteElo "2289"]
[BlackElo "2597"]
[Annotator "TA"]
[PlyCount "33"]
[EventDate "2020.09.16"]
[EventType "team-tourn"]
[EventCountry "GER"]
[SourceTitle "playchess.com"]
[Source "ChessBase"]
[SourceQuality "1"]
[WhiteTeam "Aachen"]
[BlackTeam "Deizisau"]

{[%evp 8,8,26]} 1. e4 c5 2. Nf3 d6 3. Bb5+ Bd7 4. Bxd7+ Nxd7 {[#] Not much happened in this game.} {Predecessor:} 5. O-O $146 Ngf6 6. Re1 {B52: Sicilian: Moscow Variation with 3...Bd7.} e6 7. c3 Be7 8. d4 O-O 9. e5 Ne8 10. Qe2 cxd4 11. cxd4 Nb6 12. Qe4 Qd7 13. Bg5 Nd5 14. Nbd2 Rc8 15. Nf1 h6 16. Bxe7 Nxe7 17. Ng3 {½-½ (34) Nakamura,H (2736)-Ding,L (2791) chess24.com INT 2020} *

[Event "BL Meisterschaftsturnier 2020"]
[Site "Karlsruhe"]
[Date "2020.09.18"]
[Round "4.7"]
[White "Coenen, Norbert"]
[Black "Kozul, Zdenko"]
[Result "0-1"]
[WhiteElo "2289"]
[BlackElo "2597"]
[Annotator "TA"]
[PlyCount "72"]
[EventDate "2020.09.16"]
[EventType "team-tourn"]
[EventCountry "GER"]
[SourceTitle "playchess.com"]
[Source "ChessBase"]
[SourceQuality "1"]
[WhiteTeam "Aachen"]
[BlackTeam "Deizisau"]

{[%evp 22,72,32,41,44,17,51,49,61,37,47,50,51,53,41,35,70,40,38,27,60,52,87,83,77,70,85,93,102,89,77,90,127,127,130,79,87,43,78,80,56,64,111,53,111,95,361,341,630,168,163,-530,-504]} 1. e4 c5 2. Nf3 d6 3. Bb5+ Bd7 4. Bxd7+ Nxd7 5. O-O Ngf6 6. Qe2 e6 7. d4 cxd4 8. Nxd4 a6 9. c4 Be7 10. b3 O-O 11. Nc3 Qa5 12. Bb2 Rfc8 {12...Rfc8 has lost popularity. B52: Sicilian: Moscow Variation with 3...Bd7.} 13. Rac1 {[#]} Bd8 $146 ({Predecessor:} 13... Rab8 14. Kh1 Qh5 15. f3 Bd8 16. Ba1 Bc7 17. Rcd1 Re8 18. Qd2 Rbd8 19. Rde1 Ne5 20. f4 {0-1 (38) Oral,T (2546)-Pelletier,Y (2545) Leon 2001}) 14. Rfd1 Bc7 {White is slightly better.} 15. Kh1 Qh5 16. Qxh5 Nxh5 17. Ba3 Nhf6 18. g3 Ba5 19. Nde2 b5 20. Bxd6 {Threatens to win with b4.} bxc4 21. b4 $1 {[%cal Rb4a5]} Bc7 {[#]} 22. Bxc7 $1 Rxc7 23. f4 a5 24. b5 Nc5 {With the idea ...Nd3.} 25. Rd4 Nd3 26. Rb1 Rac8 27. e5 Ng4 28. b6 (28. Rd6 $142) 28... Rb7 $16 29. Ne4 {[#] aiming for Nd6.} Ngf2+ 30. Nxf2 Nxf2+ 31. Kg2 Nd3 32. a3 (32. Rb5 $16) 32... Kf8 (32... f6 $14) 33. Nc3 Ke7 $2 {[%mdl 8192]} (33... Rc6 $16) 34. Ne4 $18 {And now Nd6 would win.} Rd7 $2 (34... Rbb8 35. Nd6 Rc5) 35. Rxd7+ $2 (35. Nd6 Rb8 36. Rxc4) 35... Kxd7 36. Nd6 $4 {[%mdl 8192]} (36. Kf3 $18 {avoids the disaster.}) 36... c3 {Accuracy: White = 57%, Black = 45%.} 0-1

[Event "BL Meisterschaftsturnier 2020"]
[Site "Karlsruhe"]
[Date "2020.09.18"]
[Round "4.8"]
[White "Naiditsch, Arkadij"]
[Black "Naumann, Alexander"]
[Result "1/2-1/2"]
[WhiteElo "2624"]
[BlackElo "2539"]
[Annotator "TA"]
[PlyCount "67"]
[EventDate "2020.09.16"]
[EventType "team-tourn"]
[EventCountry "GER"]
[SourceTitle "playchess.com"]
[Source "ChessBase"]
[SourceQuality "1"]
[WhiteTeam "Baden-Baden"]
[BlackTeam "Solingen"]

{[%evp 14,67,16,31,40,16,26,0,0,0,0,-56,0,0,0,0,0,0,0,0,0,0,0,0,0,-13,11,0,0,0,0,0,0,0,0,0,0,0,0,0,0,0,0,0,0,0,0,0,0,-37,-30,-31,-32,-38,0,0]} 1. e4 c5 2. Nf3 e6 3. d4 cxd4 4. Nxd4 Nc6 5. Nc3 Qc7 6. a3 a6 7. Be3 b5 8. Nxc6 Qxc6 {B48: Sicilian: Taimanov: 5 Nc3 Qc7 6 Be3 a6 without Be2.} 9. Qd4 Bb7 10. O-O-O Rc8 11. Bd3 Nf6 {[#]} 12. Rhe1 $146 ({White should play} 12. f3 $11) ({Predecessor:} 12. e5 Nd5 13. Be4 Bxa3 14. Nxd5 exd5 15. Bd3 Bc5 16. Qf4 b4 17. Bxc5 Qxc5 18. Qg4 {0-1 (24) Paramzina,A (2225)-Kollars,D (2505) Caleta 2018}) 12... Bc5 ({Black should try} 12... Ng4 $1 $15) 13. Qxc5 $11 Qxc5 14. Bxc5 Rxc5 15. Bf1 Ke7 16. Rd4 Rhc8 17. f3 d5 18. e5 Nd7 19. Bd3 g5 20. a4 bxa4 21. Nxa4 R5c7 22. Kd2 a5 23. Nc3 Bc6 24. h4 h6 25. hxg5 hxg5 26. Rg4 Rg8 27. f4 Rb7 28. b3 Rb4 29. g3 $1 a4 30. bxa4 Bxa4 31. Ra1 {[#]} Nxe5 $1 {[%mdl 512]} 32. fxe5 Rxg4 33. Rxa4 Rxa4 34. Nxa4 {Accuracy: White = 85%, Black = 91%.} 1/2-1/2

[Event "BL Meisterschaftsturnier 2020"]
[Site "Karlsruhe"]
[Date "2020.09.18"]
[Round "4.8"]
[White "Demuth, Adrien"]
[Black "Jablonowski, Christoph"]
[Result "1-0"]
[WhiteElo "2492"]
[BlackElo "1969"]
[Annotator "TA"]
[PlyCount "65"]
[EventDate "2020.09.16"]
[EventType "team-tourn"]
[EventCountry "GER"]
[SourceTitle "playchess.com"]
[Source "ChessBase"]
[SourceQuality "1"]
[WhiteTeam "Deizisau"]
[BlackTeam "Aachen"]

{[%evp 16,65,25,22,32,20,43,31,23,30,44,14,21,8,18,7,10,11,9,18,0,10,0,-24,18,-35,-28,-18,137,125,127,135,152,131,147,123,633,576,790,759,770,770,1200,1200,1334,1319,1284,1254,1245,1144,986,763]} 1. d4 Nf6 2. c4 g6 3. Nc3 Bg7 4. e4 d6 5. Nf3 O-O 6. Be2 e5 7. d5 a5 8. Bg5 h6 9. Be3 Ng4 {E92: King's Indian: Classical: 6 Be2 e5: 7 dxe5, 7 Be3 and Petrosian System without 7...Nbd7.} 10. Bd2 f5 11. h3 Nf6 {White is slightly better.} 12. exf5 gxf5 13. Qc1 f4 14. g3 e4 15. Nh4 e3 $1 {[%cal Re3d2]} 16. fxe3 fxg3 {[#] aiming for ...Ne4!} 17. Ng6 Re8 18. Nf4 Bf5 19. Rg1 Na6 20. Rxg3 (20. Bf3 $11) 20... Nc5 $15 21. Bf3 {[#]} Nfe4 $146 (21... Qe7 $11) ({Predecessor:} 21... Kh8 22. Ke2 Nfd7 23. Qg1 Rg8 24. Bg4 Bxg4+ 25. Rxg4 Ne5 26. Ng6+ Nxg6 27. Rxg6 Nd7 {½-½ (69) Erdos,V (2628)-Amin,B (2680) Tbilisi 2017}) 22. Nxe4 $16 Bxe4 {[#]} 23. Ke2 $1 {Bc3 is the strong threat.} ({Inferior is} 23. Qc3 Re5 $17) 23... Bxf3+ 24. Kxf3 Ne4 25. Rg6 $40 {[%mdl 128] Black must now prevent Bc3. Black is in trouble.} Ng5+ $2 {[%mdl 8192] Now Black is done in.} (25... Qe7 $16) 26. Ke2 $18 {White is clearly winning.} Kh8 27. Bc3 Re5 28. h4 Qf8 29. Rxg5 Rxg5 30. hxg5 Qf5 31. Bxg7+ Kxg7 32. gxh6+ Kh7 33. Qb1 {Accuracy: White = 89%, Black = 56%.} 1-0

[Event "BL Meisterschaftsturnier 2020"]
[Site "Karlsruhe"]
[Date "2020.09.18"]
[Round "4.9"]
[White "Fressinet, Laurent"]
[Black "Mamedyarov, Shakhriyar"]
[Result "0-1"]
[WhiteElo "2635"]
[BlackElo "2764"]
[Annotator "TA"]
[PlyCount "84"]
[EventDate "2020.09.16"]
[EventType "team-tourn"]
[EventCountry "GER"]
[SourceTitle "playchess.com"]
[Source "ChessBase"]
[SourceQuality "1"]
[WhiteTeam "Werder Bremen"]
[BlackTeam "Viernheim"]

{[%evp 20,84,27,25,31,3,21,0,6,0,2,4,4,5,14,0,0,-6,-6,-6,-8,-4,-4,-10,-4,-4,-4,-4,-4,-7,-4,-37,-37,-37,-37,-48,-29,-38,-20,-20,-20,-27,-15,-28,-41,-60,-14,-16,-31,-73,-77,-78,-69,-69,-66,-69,-69,-69,-69,-429,-349,-2179,-1639,-1174,-1084,-29972,-6258]} 1. d4 Nf6 2. c4 g6 3. Nc3 d5 4. cxd5 Nxd5 5. e4 Nxc3 6. bxc3 Bg7 7. Nf3 c5 8. Be3 Qa5 9. Qd2 O-O 10. Rc1 cxd4 11. cxd4 Qxd2+ {D85: Exchange Grünfeld: Unusual White 7th moves and lines with 7 Nf3.} 12. Bxd2 Bd7 $5 {[%mdl 4] [#] An interesting side line.} 13. Bc4 $146 ({Predecessor:} 13. Bd3 e6 14. Rc7 Bc6 15. Ke2 a5 16. Bf4 Na6 17. Bxa6 Rxa6 18. Ke3 f6 19. g4 {½-½ (34) Mchedlishvili,M (2618)-Howell,D (2693) Reykjavik 2015}) 13... Nc6 {The position is equal.} 14. d5 Nd4 15. Nxd4 Bxd4 16. Ke2 Rfc8 17. Bd3 e6 18. Be3 (18. Kf3 {is interesting.} Bc5 19. Rhe1 Ba3 20. Rb1 b6 21. g4) 18... Bxe3 19. Kxe3 exd5 20. exd5 Kf8 21. Rhd1 Ba4 22. Rxc8+ Rxc8 $11 {[%mdl 4096] Endgame KRB-KRB} 23. Rb1 b6 24. Rb4 Bd7 25. Rc4 Ke7 26. Rxc8 Bxc8 $15 {KB-KB} 27. Kd4 Kd6 28. h4 Bd7 29. a3 h6 30. Be2 b5 31. Bd3 a6 32. Bc2 Be8 33. f4 Bd7 34. g3 Bg4 35. Be4 Bd1 36. Bg2 f5 37. Bh1 h5 38. Bg2 Bc2 39. Bf1 $2 {[%mdl 8192] [#] This move loses the game for White.} (39. Bf3 $15) 39... Be4 $19 40. a4 $2 (40. Be2 Bxd5 41. Bf1) 40... bxa4 41. Kc3 a3 {...a2 is the strong threat.} 42. Bxa6 Bxd5 {Accuracy: White = 69%, Black = 93%.} (42... a2 $142 43. Kb2 Bxd5 44. Bc8 Kc5 45. Bd7 Bf7 46. Bc8 Kd4 47. Ba6 Ke3 48. Bb5 Kf3 49. Ka1 Kxg3 50. Be2 Kxh4 51. Bb5 Kg3 52. Bc6 Kxf4 53. Kb2 h4 54. Bb7 g5 55. Bc6 h3 56. Bb5 Bd5 57. Bf1 h2 58. Bg2 Bxg2 59. Kxa2 h1=Q 60. Kb3 Qb1+ 61. Kc3 Ke5 62. Kd2 Bf1 63. Kc3 Bd3 64. Kd2 Qc2+ 65. Ke3 Qe2#) 0-1

[Event "BL Meisterschaftsturnier 2020"]
[Site "Karlsruhe"]
[Date "2020.09.18"]
[Round "4.9"]
[White "Gumularz, Szymon"]
[Black "Huschenbeth, Niclas"]
[Result "*"]
[WhiteElo "2518"]
[BlackElo "2612"]
[Annotator "TA"]
[PlyCount "31"]
[EventDate "2020.09.16"]
[EventType "team-tourn"]
[EventCountry "GER"]
[SourceTitle "playchess.com"]
[Source "ChessBase"]
[SourceQuality "1"]
[WhiteTeam "SF Berlin"]
[BlackTeam "Bayern Muenchen"]

{[%evp 14,16,12,15,30]} 1. Nf3 d5 2. g3 c5 3. Bg2 Nf6 4. O-O e6 5. c4 d4 6. e3 Nc6 7. exd4 cxd4 8. d3 h6 {[#] An uneventful encounter. A13: English Opening: 1...e6.} {Predecessor:} 9. Na3 $146 Bxa3 10. bxa3 O-O 11. Bf4 Qa5 12. Rb1 Rd8 13. a4 a6 14. Qb3 e5 15. Bd2 Qc7 16. Rfe1 {0-1 (34) Anton Guijarro,D (2703)-Keymer,V (2558) Biel 2020} *

[Event "BL Meisterschaftsturnier 2020"]
[Site "Karlsruhe"]
[Date "2020.09.18"]
[Round "4.9"]
[White "Gumularz, Szymon"]
[Black "Huschenbeth, Niclas"]
[Result "1/2-1/2"]
[WhiteElo "2518"]
[BlackElo "2612"]
[Annotator "TA"]
[PlyCount "95"]
[EventDate "2020.09.16"]
[EventType "team-tourn"]
[EventCountry "GER"]
[SourceTitle "playchess.com"]
[Source "ChessBase"]
[SourceQuality "1"]
[WhiteTeam "SF Berlin"]
[BlackTeam "Bayern Muenchen"]

{[%evp 14,95,7,18,26,22,18,15,31,0,0,0,0,0,0,0,0,19,16,19,10,-66,-72,-60,-72,-78,-23,-28,-50,-22,-20,-19,36,32,116,136,121,121,127,89,93,92,95,104,87,91,70,37,146,-72,-65,-102,-93,-102,86,71,533,541,541,541,508,500,861,0,621,611,742,8,8,8,8,8,8,0,0,0,0,0,0,0,0,0,0,0]} 1. Nf3 d5 2. g3 c5 3. Bg2 Nf6 4. O-O e6 5. c4 d4 6. e3 Nc6 7. exd4 cxd4 8. d3 h6 {A13: English Opening: 1...e6.} 9. Bf4 {[#]} Nd7 $146 ({Predecessor:} 9... Bd6 10. Bxd6 Qxd6 11. Nbd2 O-O 12. Re1 a5 13. Rc1 Qb4 14. Qc2 a4 15. a3 Qc5 16. b4 axb3 17. Nxb3 {0-1 (143) Kollars,D (2586)-Huschenbeth,N (2605) Magdeburg 2020}) 10. Re1 g5 11. Bc1 Bg7 12. Na3 Nc5 13. Nc2 a5 14. b3 O-O 15. Ba3 Qb6 16. h4 g4 17. Bxc5 (17. Nfxd4 $1 $11 Nxd4 18. Nxd4 Bxd4 19. Qxg4+ {[%mdl 64] Double Attack} Bg7 20. Rad1) 17... Qxc5 $15 18. Nd2 f5 19. a3 Bd7 (19... Ne5 $17 20. Qe2 Qd6) 20. Rb1 $11 Qd6 21. b4 axb4 22. axb4 e5 (22... Ne5 $11 23. c5 Qe7) 23. c5 $36 {[%mdl 2048] White fights for an advantage.} Qg6 ({Black should try} 23... Qe7 $14) 24. b5 Na5 25. Nb4 $1 {[%cal Rb4d5]} Qf7 ({But not} 25... Bxb5 $2 26. Nd5 $18) 26. c6 Be6 27. cxb7 Nxb7 28. Nc6 e4 29. dxe4 f4 {...Nc5 is the strong threat.} 30. e5 $1 {Hoping for Ne4.} Nc5 (30... fxg3 $14 31. fxg3 Ra2) 31. Kh2 $2 (31. gxf4 $1 $16 {is forced if you want to stay better.} Nd3 32. Ne4 Nxf4 33. Qxd4) 31... Nd3 $1 $17 {[%cal Rd3f2]} 32. Qe2 Nxe1 33. Qxe1 Ra2 $2 {[#]} (33... Ra3 $1 $17 {keeps the pressure on. Threatens to win with ...fxg3+.} 34. Qe4 fxg3+ 35. fxg3 Bf5 36. Qxf5 {[%mdl 64] Decoy} Qxf5 37. Ne7+ Kh8 38. Nxf5 Rxf5) 34. b6 $1 $16 {[%cal Rb6b7] Strongly threatening b7.} f3 $2 {[%mdl 8192]} (34... fxg3+ $16 35. fxg3 Qf2 36. Ne7+ Kh7 37. Qe4+ Bf5 38. Nxf5 Qxf5 39. Qxf5+ Rxf5) 35. b7 $18 fxg2 36. b8=Q Rxb8 37. Rxb8+ Bf8 (37... Kh7 $142 38. Nd8 Qe8 39. Qb1+ Qg6) 38. Nxd4 $2 (38. Ne4 $18) 38... Bd5 $2 {[%mdl 8192]} (38... Qa7 $11 39. Rxf8+ Kxf8) 39. e6 Qa7 {[#]} 40. e7 $2 ({White has to play} 40. Rxf8+ $1 $18 {[%mdl 512]} Kxf8 41. Nf5 (41. Qe5 g1=B+ {[%mdl 64] Decoy} 42. Kxg1 Ra1+ 43. Nf1 Rxf1+ 44. Kxf1 Qa1+ 45. Ke2 Qb2+ 46. Kd3 Qa3+ 47. Kd2 Qb2+ 48. Kd3 Qa3+ 49. Ke2 Qb2+ 50. Ke3 Qc1+ 51. Kd3 Qa3+ $11) 41... Bxe6 42. Qxe6) 40... Qxb8 $11 {The position is equal.} 41. e8=Q Qxe8 42. Qxe8 Rxd2 43. Nc2 {Black must now prevent Ne3.} Rxf2 {( -> ...Rf1)} 44. Qd7 Bf3 45. Qe6+ Kh8 46. Qf6+ Kg8 47. Qe6+ Kh8 48. Qf6+ {Blacks defense is rewarded with a draw. Accuracy: White = 70%, Black = 58%.} 1/2-1/2

[Event "BL Meisterschaftsturnier 2020"]
[Site "Karlsruhe"]
[Date "2020.09.18"]
[Round "4.10"]
[White "Malakhov, Vladimir"]
[Black "McShane, Luke J"]
[Result "*"]
[WhiteElo "2669"]
[BlackElo "2680"]
[Annotator "TA"]
[PlyCount "32"]
[EventDate "2020.09.16"]
[EventType "team-tourn"]
[EventCountry "GER"]
[SourceTitle "playchess.com"]
[Source "ChessBase"]
[SourceQuality "1"]
[WhiteTeam "Viernheim"]
[BlackTeam "Werder Bremen"]

{[%evp 5,5,-5]} 1. Nf3 Nf6 2. g3 g6 3. b3 {[#] A rather calm draw.} {Predecessor:} Bg7 $146 4. Bb2 O-O 5. Bg2 d6 6. d4 {E60: King's Indian: Unusual lines and Fianchetto Variation without Nc3.} c5 7. c4 Ne4 8. O-O Nc6 9. h3 Rb8 10. e3 Bd7 11. Nbd2 Nf6 12. d5 Na5 13. a4 a6 14. Bc3 e6 15. dxe6 Bxe6 16. Qc2 Nc6 {1-0 (45) Artemiev,V (2716)-Jones,G (2670) chess.com INT 2020} *

[Event "BL Meisterschaftsturnier 2020"]
[Site "Karlsruhe"]
[Date "2020.09.18"]
[Round "4.10"]
[White "Malakhov, Vladimir"]
[Black "McShane, Luke J"]
[Result "1/2-1/2"]
[WhiteElo "2669"]
[BlackElo "2680"]
[Annotator "TA"]
[PlyCount "62"]
[EventDate "2020.09.16"]
[EventType "team-tourn"]
[EventCountry "GER"]
[SourceTitle "playchess.com"]
[Source "ChessBase"]
[SourceQuality "1"]
[WhiteTeam "Viernheim"]
[BlackTeam "Werder Bremen"]

{[%evp 9,62,13,6,10,15,9,9,0,0,5,6,0,0,0,26,0,0,0,0,0,0,-29,-26,-23,-33,-30,-32,-23,-26,-41,-45,-45,-50,-34,-45,-26,-35,-47,-37,-39,-39,-39,-29,-36,-32,-35,-35,-29,0,0,0,0,0,0,0]} 1. Nf3 Nf6 2. g3 g6 3. b3 d6 4. d4 {[#]} b5 $146 ({Predecessor:} 4... Bg7 5. Bg2 c5 6. O-O O-O 7. Bb2 cxd4 8. Nxd4 d5 9. c4 e5 10. Nf3 e4 11. Nd4 e3 12. f4 dxc4 13. bxc4 Ng4 14. c5 Na6 15. c6 Nf2 16. Qa4 b5 17. c7 Nxc7 {0-1 (25) Jumabayev,R (2646)-Gukesh,D (2547) Moscow 2019}) 5. e3 a6 6. Bg2 {A05: Réti Opening: 1 Nf3 Nf6.} Bb7 7. O-O Nbd7 8. c4 Bg7 9. Nc3 O-O 10. Bb2 Rb8 11. Qe2 e6 12. Rac1 bxc4 13. Qxc4 c5 14. Na4 {[%cal Rd4c5]} Bc6 15. dxc5 (15. Qc2 {is more complex.} Qc7 16. Ba3 Rfc8 17. dxc5 dxc5 18. Rfd1) 15... Bb5 16. Qc2 $1 Bxf1 17. Bxf1 {[#] c6 is the strong threat.} Nxc5 18. Nxc5 dxc5 19. Bxa6 Ra8 20. Bxf6 $1 Qxf6 21. Bb7 Ra7 22. Be4 c4 23. bxc4 Qb2 24. Qxb2 Bxb2 25. Rc2 $1 {[%cal Rc2b2]} Rxa2 26. c5 {Threatening Kg2.} Ra1+ 27. Kg2 Bf6 28. Bb7 Rb8 29. c6 {[#] Hoping for c7.The position is equal.} Ra7 30. c7 Raxb7 31. cxb8=Q+ Rxb8 {Accuracy: White = 89%, Black = 90%.} 1/2-1/2

[Event "BL Meisterschaftsturnier 2020"]
[Site "Karlsruhe"]
[Date "2020.09.18"]
[Round "4.10"]
[White "Bogner, Sebastian"]
[Black "Baldauf, Marco"]
[Result "*"]
[WhiteElo "2571"]
[BlackElo "2503"]
[Annotator "TA"]
[PlyCount "38"]
[EventDate "2020.09.16"]
[EventType "team-tourn"]
[EventCountry "GER"]
[SourceTitle "playchess.com"]
[Source "ChessBase"]
[SourceQuality "1"]
[WhiteTeam "Bayern Muenchen"]
[BlackTeam "SF Berlin"]

{[%evp 14,15,39,41]} 1. e4 c5 2. Nf3 e6 3. d4 cxd4 4. Nxd4 a6 5. Bd3 Nf6 6. O-O Qc7 7. Qe2 d6 8. c4 {[#]} {Predecessor:} g6 $146 {B42: Sicilian: Kan Variation: 5 Bd3.} 9. Nc3 Bg7 10. Be3 O-O 11. Rac1 Nbd7 12. b3 b6 13. Rfd1 Bb7 14. f3 Rac8 15. Qf2 Qb8 16. Bf1 Rfd8 17. Kh1 h5 18. h3 Ba8 19. b4 Ne5 {1-0 (39) Duda,J (2753)-Andreikin,D (2726) chess.com INT 2020} *